| 000 | 00469nam a22001457a 4500 | ||
|---|---|---|---|
| 005 | 20251108174624.0 | ||
| 008 | 250721s1966 xx 000 0 ara d | ||
| 082 | 1 | 4 | _a954.91/باك |
| 245 | 1 | 0 |
_aباكستان : _bسجل مصور للمنجزات التي حققتها باكستان في عهد الرئيس محمد أيوب خان / |
| 264 | _c1966. | ||
| 650 | 1 | 7 | _aباكستان |
| 650 | 1 | 7 | _aتاريخ باكستان |
| 942 |
_2ddc _cBK |
||
| 999 |
_c113799 _d113799 |
||